| 000 | 00739nam 22002173 4500 | ||
|---|---|---|---|
| 001 | 198929 | ||
| 021 |
_aPT _b17053/87 |
||
| 090 | _a198929 | ||
| 100 | _a20251110d u||y0pory50 ba | ||
| 200 |
_aElementos de psicopatologia _fJ. Schneeberger de Athayd _gesquemas, quadros e tabelas feitos por Maria Arlete da Silva |
||
| 205 | _a4ª | ||
| 210 |
_aLisboa _cFundação Calouste Gulbenkian _d1987 |
||
| 215 |
_a436, [2] p. _cil. ; brochado _d24 cm |
||
| 225 | _aManuais universitários | ||
| 606 |
_914836 _aCiências médicas _xPatologia. Medicina clínica |
||
| 675 |
_a616 _vPT _zpor |
||
| 700 |
_914838 _aAthayde _bJ. Schneeberger de _f1917- |
||
| 702 |
_914839 _aSilva _bMaria Arlete da |
||
| 801 |
_aPT _bBMMN _gRPC |
||
| 830 | _cVanda | ||
| 990 | _cLIVROS | ||